Grey's Anatomy Chain Game Quiz Stats

 Plays Quiz not verified by Sporcle

Score 0/22 Timer 05:00
0 Plays Today
Hint Answer % Correct
Main Character???
99.8%
Was married to???
99.5%
Who divorced???
99.1%
They had an affair with???
98.7%
Who was meant for???
95.9%
Who dated ???
90.1%
Who's mother is married to ???
89.7%
Who gave ? the nickname Evil Spawn???
63.6%
Who married???
63%
Who was once married to ???
62.4%
Who used to be married to???
62.3%
Hint Answer % Correct
Who had a very awkward relationship with???
62.2%
Who is married to ???
58.9%
Who was the cause of ? death???
58.6%
But was married to ???
58.5%
Who has three kids, the eldest being ???
58%
Who won custody of???
57.8%
Who goes to meetings with???
57.1%
Her younger brother was named after ???
56.9%
Who is in New York with Callie and ???
55.8%
Who is married to ???
55.5%
Who delivered ? baby???
48.9%

You're not logged in!

Compare scores with friends on all Sporcle quizzes.
OR
Log In

Sporcle TV

Today on Sporcle TV


Watch our educational content, quiz creation guides, and fun videos on Sporcle TV.

Show Comments

Extras

Top Quizzes Today


Score Distribution

Your Account Isn't Verified!

In order to create a playlist on Sporcle, you need to verify the email address you used during registration. Go to your Sporcle Settings to finish the process.

Report this User

Report this user for behavior that violates our Community Guidelines.

Details: